| 000 | 01116nam a2200301 i 4500 | ||
|---|---|---|---|
| 001 | 184969 | ||
| 003 | ES-MaACL | ||
| 005 | 20251113182001.0 | ||
| 008 | 160229s1983 mx ab |||| | spa d | ||
| 020 | _a968-16-1563-8 | ||
| 080 | _a633.888(72) | ||
| 080 | _a615.214:159.961.2 | ||
| 100 | 1 |
_aWasson, R. Gordon ( _d1898-1986) _9156629 |
|
| 245 | 1 | 0 |
_aEl hongo maravilloso, teonanácatl _b: micolatría en Mesoamérica / _cR. Gordon Wasson ; traducción de Felipe Garrido. |
| 250 | _a1ª ed. en español. | ||
| 260 |
_aMéxico, D.F. : _bFondo de Cultura Económica, _c1983. |
||
| 300 |
_a299 p. : _bil., mapas ; _c23 cm. |
||
| 490 | 1 | _aSección de obras de antropología | |
| 500 | _aÍndice analítico. | ||
| 504 | _aBibliografía: p. 283-298. | ||
| 650 | 4 |
_aHongos alucinógenos. _9160162 |
|
| 650 | 4 |
_aAlucinógenos y experiencia religiosa. _9156627 |
|
| 651 | 4 |
_aMéxico- _xUsos y costumbres. _9137275 |
|
| 700 | 1 |
_aGarrido, Felipe, _d1942- _9158895 |
|
| 830 | 0 |
_aSección de obras de antropología _9179904 |
|
| 852 |
_aES-MaACL _jL-30232 _z. - Donat. Miguel A. Velasco |
||
| 999 |
_c184969 _d184969 |
||